Flag Colors Meaning and Symbolism - Statistics

General Stats
  • This quiz has been taken 20 times
  • The average score is 9 of 23
Answer Stats
Answer % Correct
Snow
76%
Sky
71%
Wheat fields
71%
Sky / Loyalty / Faithfulness
59%
Snow / Hope
59%
Soldiers/Bloodshed
59%
Christianity
47%
Fertility / Nature
47%
{Mineral} resources
47%
Forest / Ground / Past suffering
41%
Natural resources / Forest
41%
Blood
35%
Natural {harbor} / Contribution to {world peace}
35%
Natural resources
35%
Unity / Justice
35%
{White} Russia
35%
Chilean {Flamingo} (Parihuana)
29%
Lakes
29%
Ocean / Atlantic
24%
Purity / Peace
24%
Equator / Sun
18%
{Great} Russia
6%
{Little} Russia
6%
No matching quizzes found
Score Distribution
Percent of People with Each Score
Percentile by Number Answered
Your Score History
You have not taken this quiz